Cape Town's Southern Suburbs Quiz Stats

 Plays Quiz not verified by Sporcle

Score 0/21 Timer 05:00
0 Plays Today
Name % Correct
Rondebosch
77.8%
Claremont
68.9%
Newlands
68.1%
Wynberg
63%
Constantia
60.7%
Observatory
57%
Woodstock
54.8%
Mowbray
52.6%
Plumstead
48.9%
Rosebank
48.1%
Kenilworth
45.2%
Name % Correct
Bishopscourt
39.3%
Tokai
39.3%
Pinelands
33.3%
Salt River
31.9%
Diep River
31.1%
Bergvliet
28.9%
Retreat
24.4%
Rondebosch East
23.7%
Steenberg
18.5%
Heathfield
11.1%

You're not logged in!

Compare scores with friends on all Sporcle quizzes.
OR
Log In

Show Comments

Extras

Created Nov 6, 2010SourceReportNominate
Tags:South Africa

Top Quizzes Today


Score Distribution

Your Account Isn't Verified!

In order to create a playlist on Sporcle, you need to verify the email address you used during registration. Go to your Sporcle Settings to finish the process.

Report this User

Report this user for behavior that violates our Community Guidelines.

Details: